<?xml version="1.0" encoding="UTF-8"?><?xml-stylesheet type="text/xsl" href="static/style.xsl"?><OAI-PMH xmlns="http://www.openarchives.org/OAI/2.0/" xmlns:xsi="http://www.w3.org/2001/XMLSchema-instance" xsi:schemaLocation="http://www.openarchives.org/OAI/2.0/ http://www.openarchives.org/OAI/2.0/OAI-PMH.xsd"><responseDate>2026-04-17T11:01:21Z</responseDate><request verb="GetRecord" identifier="oai:riubu.ubu.es:10259/5676" metadataPrefix="marc">https://riubu.ubu.es/oai/request</request><GetRecord><record><header><identifier>oai:riubu.ubu.es:10259/5676</identifier><datestamp>2022-11-21T11:56:05Z</datestamp><setSpec>com_10259_5363</setSpec><setSpec>com_10259_5086</setSpec><setSpec>com_10259_2604</setSpec><setSpec>com_10259_4313</setSpec><setSpec>col_10259_5364</setSpec><setSpec>col_10259_4314</setSpec></header><metadata><record xmlns="http://www.loc.gov/MARC21/slim" xmlns:doc="http://www.lyncode.com/xoai" xmlns:xsi="http://www.w3.org/2001/XMLSchema-instance" xmlns:dcterms="http://purl.org/dc/terms/" xsi:schemaLocation="http://www.loc.gov/MARC21/slim http://www.loc.gov/standards/marcxml/schema/MARC21slim.xsd">
<leader>00925njm 22002777a 4500</leader>
<datafield tag="042" ind1=" " ind2=" ">
<subfield code="a">dc</subfield>
</datafield>
<datafield tag="720" ind1=" " ind2=" ">
<subfield code="a">González Ceballos, Lara</subfield>
<subfield code="e">author</subfield>
</datafield>
<datafield tag="720" ind1=" " ind2=" ">
<subfield code="a">Fernández Muiño, Miguel Ángel</subfield>
<subfield code="e">author</subfield>
</datafield>
<datafield tag="720" ind1=" " ind2=" ">
<subfield code="a">Osés Gómez, Sandra María</subfield>
<subfield code="e">author</subfield>
</datafield>
<datafield tag="720" ind1=" " ind2=" ">
<subfield code="a">Sancho Ortiz, María Teresa</subfield>
<subfield code="e">author</subfield>
</datafield>
<datafield tag="720" ind1=" " ind2=" ">
<subfield code="a">Ibeas Cortes, Saturnino</subfield>
<subfield code="e">author</subfield>
</datafield>
<datafield tag="720" ind1=" " ind2=" ">
<subfield code="a">Reglero Ruiz, José A.</subfield>
<subfield code="e">author</subfield>
</datafield>
<datafield tag="720" ind1=" " ind2=" ">
<subfield code="a">Vallejos Calzada, Saúl</subfield>
<subfield code="e">author</subfield>
</datafield>
<datafield tag="260" ind1=" " ind2=" ">
<subfield code="c">2021-09</subfield>
</datafield>
<datafield tag="520" ind1=" " ind2=" ">
<subfield code="a">A new original application for a polyacrylic film based on the monomers 2-(dimethylamino)ethyl methacrylate (NNDA), 2-hydroxyethyl acrylate (2HEA) and methylmethacrylate (MMA) as a starch azure container has been set up for a simple determination of honey diastase activity. The proposed method is based on the correlation of reducing sugars generated during the enzymatic process with the Schade reference assay. The polyacrylic film is charged with starch azure acting as a container for this substance; thus, the starch does not interfere in the measurement of reducing sugars, so that the diastase activity is easily calculated. The method has been contrasted with Schade method, showing good correlation and differences under 0.4% between methods in some honey samples. The polyacrylic film has great potential for the routine honey diastase activity assessment in small laboratories, dramatically reducing analysis time and cost.</subfield>
</datafield>
<datafield tag="024" ind2=" " ind1="8">
<subfield code="a">0308-8146</subfield>
</datafield>
<datafield tag="024" ind2=" " ind1="8">
<subfield code="a">http://hdl.handle.net/10259/5676</subfield>
</datafield>
<datafield tag="024" ind2=" " ind1="8">
<subfield code="a">10.1016/j.foodchem.2021.129629</subfield>
</datafield>
<datafield ind1=" " ind2=" " tag="653">
<subfield code="a">Honey</subfield>
</datafield>
<datafield ind1=" " ind2=" " tag="653">
<subfield code="a">Diastase activity</subfield>
</datafield>
<datafield ind1=" " ind2=" " tag="653">
<subfield code="a">Starch azure</subfield>
</datafield>
<datafield ind1=" " ind2=" " tag="653">
<subfield code="a">Polymer</subfield>
</datafield>
<datafield ind1=" " ind2=" " tag="653">
<subfield code="a">Film</subfield>
</datafield>
<datafield tag="245" ind1="0" ind2="0">
<subfield code="a">Polymer film as starch azure container for the easy diastase activity determination in honey</subfield>
</datafield>
</record></metadata></record></GetRecord></OAI-PMH>